000 00415pab a2200169 454500
008 180718b2011 xxu||||| |||| 00| 0 eng d
100 _aTiwari, K.N.
245 _aBalanced fertilization - Real benefits for agriculture sustainability
260 _c2011
300 _ap.35-39.
362 _aJul
650 _aFertilizers
700 _aTiwari, Rakesh
773 _aKurukshetra
908 _aN
909 _a92147
999 _c92147
_d92147